Cuadernos de Adán. (Record no. 173109)
[ view plain ]
| 000 -LEADER | |
|---|---|
| campo de control de longitud fija | 01101nam a2200193 i 4500 |
| 001 - NÚMERO DE CONTROL | |
| campo de control | 173109 |
| 003 - IDENTIFICADOR DE NÚMERO DE CONTROL | |
| campo de control | ES-MaACL |
| 005 - FECHA Y HORA DE LA ÚLTIMA TRANSACCIÓN | |
| campo de control | 20230906215135.0 |
| 008 - DATOS DE LONGITUD FIJA--INFORMACIÓN GENERAL | |
| campo de control de longitud fija | 091102s1944 sp |||| | spa d |
| 080 ## - NÚMERO DE LA CLASIFICACIÓN DECIMAL UNIVERSAL | |
| Número de la Clasificación Decimal Universal | 821.134.2-4(082) |
| 245 00 - MENCIÓN DEL TÍTULO | |
| Título | Cuadernos de Adán. |
| 260 ## - PUBLICACIÓN, DISTRIBUCIÓN, ETC. | |
| Lugar de publicación, distribución, etc. | Madrid : |
| Nombre del editor, distribuidor, etc. | Adán, |
| Fecha de publicación, distribución, etc. | 1944-45. |
| 300 ## - DESCRIPCIÓN FÍSICA | |
| Extensión | 2 v. ; |
| Dimensiones | 23 cm. |
| 490 1# - MENCIÓN DE SERIE | |
| Mención de serie | Las mejores páginas literarias de... |
| 505 8# - NOTA DE CONTENIDO CON FORMATO | |
| Nota de contenido con formato | I.- José Ortega y Gasset [Ni vitalismo ni racionalismo]. Gregorio Marañón. [La leyenda de Don Juan] Manuel García Morente. [El mundo del niño]. Emilio García Gómez [Sobre el sentimiento de la belleza física en la poesía árabe]. Jose Camón Aznar. [El orden pitagórico en los mármoles griegos] 136 pag. + 3 hoj. -- II.- Wilhelm Dilthey. Las ciencias del espíritu.- [José Martinez Ruiz] Azorin: Ortega o El Orador.- Pedro Lain Entralgo: Un paisaje y sus inventores.- Pierre Sobit: El problema religioso del Krausismo.- Ricardo Baroja Carnaschu.- 167 pág. + 3 hoj. |
| 830 0# - PUNTO DE ACCESO ADICIONAL DE SERIE-TÍTULO UNIFORME | |
| Título uniforme | Las mejores páginas literarias de... |
| 9 (RLIN) | 233535 |
| 852 ## - LOCALIZACIÓN | |
| Ubicación | ES-MaACL |
| Número de control de estantería | E-4248-49 |
| Estatus retirado | Estado de pérdida | Estado de daño | No para préstamo | Biblioteca de origen | Biblioteca actual | Ubicación en estantería | Fecha de adquisición | Fuente de adquisición | Total de préstamos | Signatura topográfica completa | Código de barras | Visto por última vez | Precio de reemplazo | Tipo de ítem Koha |
|---|---|---|---|---|---|---|---|---|---|---|---|---|---|---|
| Biblioteca del Ateneo de Madrid | Biblioteca del Ateneo de Madrid | Depósito 2 | 02/11/2009 | E-4248-49 | 1181639 | 23/02/2023 | 23/02/2023 | Libro impreso |
